00876cam a2200193 a 4500020004000000020004300040020002200083020002500105040000800130082002600138100002000164245003900184250001100223260003000234300007000264520029500334650002500629650002800654 a0471553808 (cloth : acidfree paper) a9780471553809 (cloth : acidfree paper) a0471599891 (pbk.) a9780471599890 (pbk.) cDLC a510 WIL 1993 A028 Or.1 aKreyszig, Erwin10aAdvanced engineering mathematics / a7th ed aNew York :bWiley,cc1993 a1 volume (various pagings) :billustrations (some color) ;c27 cm aFeaturing modern coverage of numerical methods, graphs, optimization and probability, this revised textbook aims to provide engineering students with a clear perception of applied mathematics. Problem sets have been rewritten for this edition, and there is new information on linear algebra 0aMathematical physics 0aEngineering mathematics